Statistics for CT High Schools-Nicknames

Click here to take the quiz!

General Stats

  • This quiz has been taken 10 times
  • The average score is 69 of 184

Answer Stats

SchoolAnswer% Correct
Avon | Fairfield Ludlowe | Fitch (Groton) | +4 othersFalcons
75%
Bassick (Bridgeport) | Foran (Milford) | Northwest Catholic (West Hartford) | Wheeler (North Stonington)Lions
75%
Whitney Tech (Hamden)N/A
75%
Bullard Havens Tech (Bridgeport) | Daniel Hand (Madison) | Mercy (Middletown) | +3 othersTigers
75%
Granby Memorial (Granby) | Norwalk | StoningtonBears
63%
Comp Sci (Enfield) | East Catholic (Manchester) | Enfield | +6 othersEagles
63%
Bristol Central | Cheshire | New Canaan | +2 othersRams
63%
Sacred Heart Academy (Hamden)Sharks
63%
GreenwichCardinals
50%
East Granby | Holy Cross (Waterbury) | Lauralton Hall (Milford)Crusaders
50%
University (Hartford) | Vinal Tech (Middletown) | Woodland (Beacon Falls)Hawks
50%
Morgan (Clinton)Huskies
50%
Aerospace (Windsor)Jets
50%
Ellington | WestbrookKnights
50%
Career Magnet (New Haven) | Cromwell | E.O. Smith (Storrs) | +7 othersPanthers
50%
St. Bernard (Uncasville)Saints
50%
Amity (Woodbridge) | Lewis Mills (Burlington) | Maloney (Meriden) | +3 othersSpartans
50%
Lyman Hall (Wallingford) | Simsbury | WestonTrojans
50%
East Lyme | Westhill (Stamford)Vikings
50%
Canton | Norwich Tech (Norwich) | Valley Regional (Deep River) | +5 othersWarriors
50%
Amistad (New Haven) | MontvilleWolves
50%
Hillhouse (New Haven)Academics
38%
Coginchaug (Durham) | Plainville | West HavenBlue Devils
38%
DarienBlue Wave
38%
Bolton | Bulkeley (Hartford) | Bunnell (Stratford) | +3 othersBulldogs
38%
AnsoniaChargers
38%
Haddam-Killingworth (Higganum) | Kolbe Cathedral (Bridgeport)Cougars
38%
LitchfieldCowboys
38%
GuilfordGrizzlies
38%
DanburyHatters
38%
Branford | East HartfordHornets
38%
Bristol Eastern | Notre Dame-Fairfield | WaterfordLancers
38%
Fairfield Warde | Immaculate (Danbury)Mustangs
38%
Torrington | Windsor LocksRaiders
38%
StamfordBlack Knights
25%
SouthingtonBlue Knights
25%
Nonnewaug (Woodbury)Chiefs
25%
ThomastonGolden Bears
25%
NaugatuckGreyhounds
25%
GlastonburyGuardians
25%
Bridgeport CentralHilltoppers
25%
Fairfield PrepJesuits
25%
Jonathan Law (Milford)Lawmen
25%
Hartford PublicOwls
25%
CoventryPatriots
25%
Parish Hill (Chaplin)Pirates
25%
Harding (Bridgeport)Presidents
25%
Innovation (New Britain)Ravens
25%
New FairfieldRebels
25%
Brien McMahon (Norwalk)Senators
25%
Rocky HillTerriers
25%
Hall (West Hartford) | Sheehan (Wallingford)Titans
25%
BloomfieldWarhawks
25%
New LondonWhalers
25%
WindhamWhippets
25%
Bethel | Norwich Free Academy (Norwich) | Old Lyme | +5 othersWildcats
25%
Abbott Tech (Danbury) | Griswold | OxfordWolverines
25%
Staples (Westport)Wreckers
25%
East Haven | Gilbert (Winsted)Yellowjackets
25%
Cheney Tech (Manchester) | Weaver (Hartford)Beavers
13%
East HamptonBellringers
13%
MiddletownBlue Dragons
13%
Bacon Academy (Colchester) | Brookfield | South WindsorBobcats
13%
St. Joseph (Trumbull)Cadets
13%
Woodstock Academy (Woodstock)Centaurs
13%
LedyardColonols
13%
O’Brien Tech (Ansonia)Condors
13%
SheltonGaels
13%
New BritainGolden Hurricane
13%
Wilbur Cross (New Haven)Governors
13%
HamdenGreen Dragons
13%
Notre Dame-West HavenGreen Knights
13%
New MilfordGreen Wave
13%
Northwestern (Winsted) | PortlandHighlanders
13%
TerryvilleKangaroos
13%
Housatonic Regional (Falls Village)Mountaineers
13%
Newtown | North HavenNighthawks
13%
Hale Ray (Moodus)Noises
13%
NewingtonNoreasters
13%
Achievement First (Hartford) | Trinity College Academy (Hartford)Phoenix
13%
RHAM (Hebron)Raptors
13%
BerlinRedcoats
13%
StratfordRed Devils
13%
KillinglyRedmen
13%
DerbyRed Raiders
13%
Conard (West Hartford)Red Wolves
13%
FarmingtonRiver Hawks
13%
PutnamClippers
0%
International (Bloomfield)Dragons
0%
Classical Magnet (Hartford) | Goodwin Tech (New Britain)Gladiators
0%
Ellis Tech (Killingly)Golden Eagles
0%
Windham Tech (Willimantic)Mighty Tigers
0%
ManchesterRed Hawks
0%
North BranfordThunderbirds
0%
Capital Prep (Hartford)Trailblazers
0%

Score Distribution

Percentile by Number Answered

Percent of People with Each Score

Your Score History

You have not taken this quiz